000 00564cam a22002053a 4500
001 45408
003 PGUSA
005 20140828084041.0
008 140416s2014||||xxu|||||s|||||000 | eng d
040 _aPGUSA
_beng
042 _adc
245 1 4 _aThe Pansy Magazine, June 1886
_h[electronic resource] /
_cVarious
260 _bProject Gutenberg,
_c2014
506 _aPublic domain in the USA.
516 _aElectronic text
700 1 _aPansy,
_d1841-1930
830 0 _aProject Gutenberg
_v45408
856 4 0 _uhttp://www.gutenberg.org/ebooks/45408
942 _cEB
999 _c274659
_d274659